Heat transfer (Record no. 3641)

000 -LEADER
fixed length control field 00564nam a2200229 a 4500
001 - CONTROL NUMBER
control field 3641
003 - CONTROL NUMBER IDENTIFIER
control field BD-DhUET
008 - FIXED-LENGTH DATA ELEMENTS--GENERAL INFORMATION
fixed length control field 960506s1997 nyua b 001 0 eng
020 ## - INTERNATIONAL STANDARD BOOK NUMBER
International Standard Book Number 0071143203
020 ## - INTERNATIONAL STANDARD BOOK NUMBER
International Standard Book Number 0078447852
040 ## - CATALOGING SOURCE
Original cataloging agency DLC
Transcribing agency DLC
Modifying agency BD-DhUET
082 00 - DEWEY DECIMAL CLASSIFICATION NUMBER
Classification number 621.011
Item number HOL/1997
100 1# - MAIN ENTRY--PERSONAL NAME
Personal name Holman, J. P.
245 10 - TITLE STATEMENT
Title Heat transfer
250 ## - EDITION STATEMENT
Edition statement 8th ed.
260 ## - PUBLICATION, DISTRIBUTION, ETC. (IMPRINT)
Place of publication, distribution, etc. New York
Name of publisher, distributor, etc. McGraw-Hill
Date of publication, distribution, etc. 1997
300 ## - PHYSICAL DESCRIPTION
Extent xviii, 696 p.
Other physical details ill.
490 ## - SERIES STATEMENT
Series statement Schaum's outline series
504 ## - BIBLIOGRAPHY, ETC. NOTE
Bibliography, etc Includes bibliographies
650 #0 - SUBJECT ADDED ENTRY--TOPICAL TERM
Topical term or geographic name as entry element Heat transfer
942 ## - ADDED ENTRY ELEMENTS (KOHA)
Koha item type General Book
Holdings
Date acquired Source of classification or shelving scheme Location (home branch) Sublocation or collection (holding branch) Koha issues (times borrowed) Koha full call number Lost status Koha item type Koha normalized classification for sorting Shelving location Withdrawn status Not for loan Price effective from Koha date last borrowed Koha date last seen Damaged status Piece designation (barcode) Koha out on loan Copy number
2014-11-03 Central Library, BUETCentral Library, BUET3621.011/HOL/1997 General Book621_011000000000000_HOL_1997Circulation section  2014-11-032025-04-272025-04-27 924502025-05-111
2014-11-03 Central Library, BUETCentral Library, BUET 621.011/HOL/1997 General Book621_011000000000000_HOL_1997Circulation section  2014-11-03 2014-11-03 92452 2
2014-11-03 Central Library, BUETCentral Library, BUET 621.011/HOL/1997 General Book621_000000000000000_011HOL1997Circulation section  2014-11-03 2016-07-30 92453 3
2014-11-03 Central Library, BUETCentral Library, BUET1621.011/HOL/1997 General Book621_000000000000000_011HOL1997Circulation section  2014-11-032022-01-092022-06-08 92454 4
2014-11-03 Central Library, BUETCentral Library, BUET2621.011/HOL/1997 General Book621_000000000000000_011HOL1997Circulation section  2014-11-032024-10-022024-10-28 92455 5
2014-11-03 Central Library, BUETCentral Library, BUET3621.011/HOL/1997 General Book621_000000000000000_011HOL1997Circulation section  2014-11-032023-12-102024-08-31 92457 6
2014-11-03 Central Library, BUETCentral Library, BUET 621.011/HOL/1997 General Book621_000000000000000_011HOL1997Circulation section  2014-11-03 2014-11-03 92459 7
2014-11-03 Central Library, BUETCentral Library, BUET1621.011/HOL/1997 General Book621_011000000000000_HOL_1997Circulation section  2014-11-032024-03-122024-08-28 92460 8
2014-11-03 Central Library, BUETCentral Library, BUET1621.011/HOL/1997 General Book621_000000000000000_011HOL1997Circulation section  2014-11-032024-04-082024-06-22 92461 9
2014-11-03 Central Library, BUETCentral Library, BUET5621.011/HOL/1997 General Book621_000000000000000_011HOL1997Circulation section  2014-11-032024-12-102025-03-12 92462 10
2014-11-03 Central Library, BUETCentral Library, BUET1621.011/HOL/1997 General Book621_000000000000000_011HOL1997Circulation section  2014-11-032015-03-042017-05-03 92464 11
2014-11-03 Central Library, BUETCentral Library, BUET3621.011/HOL/1997 General Book621_000000000000000_011HOL1997Circulation section  2014-11-032019-06-172019-07-10 92465 12
2014-11-03 Central Library, BUETCentral Library, BUET3621.011/HOL/1997 General Book621_000000000000000_011HOL1997Circulation section  2014-11-032022-05-242022-06-08 92466 13
2015-04-12 Central Library, BUETCentral Library, BUET 621.011 HOL/1997 General Book621_011000000000000_HOL_1997Circulation section  2015-04-12 2015-04-12 92468 14
2015-07-02 Central Library, BUETCentral Library, BUET 621.011/HOL/1997 Reading Item621_011000000000000_HOL_1997Reading section  2015-07-02 2015-07-02 92447 15
2015-07-09 Central Library, BUETCentral Library, BUET 621.011/HOL/1997 Reading Item621_011000000000000_HOL_1997Reading section  2015-07-09 2015-07-09 92446 16